[Event "Open"]
[Site "Cappelle la Grande FRA"]
[Date "2003.02.24"]
[Round "3"]
[White "Kennaugh,C"]
[Black "Kengis,E"]
[Result "0-1"]
[WhiteElo "2290"]
[BlackElo "2570"]

1.e4 c5 2.Nf3 e6 3.Nc3 a6 4.d4 cxd4 5.Nxd4 b5 6.Bd3 d6 7.O-O Nf6 8.Be3 Bb7
9.a3 Nbd7 10.f4 Be7 11.Kh1 O-O 12.Qf3 Nc5 13.Rae1 Qd7 14.Bf2 Rac8 15.Qh3 Rfe8
16.Bh4 Nxd3 17.cxd3 h6 18.f5 e5 19.Nc2 d5 20.Bxf6 Bxf6 21.Ne3 d4 22.Ncd5 Bg5
23.Nb6 Qd8 24.Ned5 Rc6 25.f6 Rxb6 26.Nxb6 Qxb6 27.fxg7 Bc8 28.Qh5 Qg6 29.Qxg6 fxg6
30.Re2 Kxg7 31.Rc2 Bd7 32.Rc7 Re7 33.Rf2 b4 34.axb4 Bb5 35.Rc8 Rf7 36.Rxf7+ Kxf7  0-1

[Event "Open"]
[Site "Cappelle la Grande FRA"]
[Date "2003.02.25"]
[Round "5"]
[White "Jakubowski,K"]
[Black "Loskamp,S"]
[Result "1-0"]
[WhiteElo "2473"]
[BlackElo "2119"]

1.e4 c5 2.Nf3 e6 3.d4 cxd4 4.Nxd4 a6 5.Nc3 Qc7 6.Be2 b5 7.O-O Bb7 8.Re1 Nf6
9.Bf3 e5 10.Bg5 Qb6 11.Nf5 h6 12.Bxf6 Qxf6 13.Nd5 Bxd5 14.Qxd5 Qc6 15.Qxe5+ Qe6
16.Nxg7+  1-0

[Event "6th Open"]
[Site "Malaga ESP"]
[Date "2003.02.27"]
[Round "7"]
[White "Rizouk,A"]
[Black "Perez Candelario,M"]
[Result "1/2-1/2"]
[WhiteElo "2519"]
[BlackElo "2404"]

1.e4 c5 2.Nf3 e6 3.d4 cxd4 4.Nxd4 a6 5.Nc3 b5 6.Bd3 d6 7.O-O Nf6 8.f4 Bb7
9.a3 Be7 10.Kh1 Nbd7 11.Qf3 Qc7 12.Bd2 O-O 13.Rae1 Nc5 14.b4 Nxd3 15.cxd3 Rac8
16.Rc1  1/2-1/2

[Event "ch-Serbia"]
[Site "Dimitrovgrad YUG"]
[Date "2003.02.28"]
[Round "1"]
[White "Djokic,Neb"]
[Black "Perunovic,Mil"]
[Result "0-1"]
[WhiteElo "2266"]
[BlackElo "2488"]

1.e4 c5 2.Nf3 e6 3.d4 cxd4 4.Nxd4 a6 5.Nc3 b5 6.g3 Bb7 7.Bg2 Nf6 8.Qe2 b4
9.Na4 d5 10.e5 Ne4 11.f3 Nc5 12.Nxc5 Bxc5 13.Nb3 Be7 14.Be3 Nd7 15.O-O a5
16.Rfe1 a4 17.Nd4 Nxe5 18.Bf4 Nc6 19.c3 O-O 20.Qb5 Qd7 21.cxb4 a3 22.bxa3 Bf6
23.Rad1 Bxd4+ 24.Rxd4 Ba6 25.Qa4 Be2 26.Qb3 Nxd4 27.Qe3  0-1

[Event "ch-Serbia"]
[Site "Dimitrovgrad YUG"]
[Date "2003.03.01"]
[Round "2"]
[White "Brenjo,S"]
[Black "Markovic,Milo"]
[Result "1-0"]
[WhiteElo "2427"]
[BlackElo "2321"]

1.e4 c5 2.Nf3 e6 3.d4 cxd4 4.Nxd4 a6 5.Nc3 Qc7 6.Be2 Nc6 7.Be3 Nxd4 8.Qxd4 b5
9.O-O Bb7 10.f4 Rd8 11.Bf3 d6 12.a4 bxa4 13.Qxa4+ Rd7 14.Be2 Nf6 15.Bxa6 Bxa6
16.Qxa6 Be7 17.Qa8+ Rd8 18.Qa7 Qc8 19.Qa6 Qb8 20.Qc6+ Nd7 21.Ra7 Qc8 22.Rc7 Qa8
23.Qxa8 Rxa8 24.Bd4 e5 25.fxe5 dxe5 26.Be3 Bd8 27.Rb7 Rc8 28.Nb5 Be7 29.Nc7+ Kd8
30.Rd1  1-0

[Event "6th Open"]
[Site "Malaga ESP"]
[Date "2003.03.01"]
[Round "9"]
[White "Rizouk,A"]
[Black "Cramling,P"]
[Result "1/2-1/2"]
[WhiteElo "2519"]
[BlackElo "2492"]

1.e4 c5 2.Nf3 e6 3.d4 cxd4 4.Nxd4 a6 5.Nc3 b5 6.Bd3 Qb6 7.Nf3 Qc7 8.O-O Bb7
9.Re1 Bc5 10.e5 f5 11.exf6 Nxf6 12.Ne2 Be4 13.Bxe4 Nc6 14.Bxc6 Qxc6 15.Ne5  1/2-1/2

[Event "FSGM March"]
[Site "Budapest HUN"]
[Date "2003.03.02"]
[Round "2"]
[White "Dembo,Y"]
[Black "Kustar,S"]
[Result "1-0"]
[WhiteElo "2397"]
[BlackElo "2384"]

1.e4 c5 2.Nf3 e6 3.d4 cxd4 4.Nxd4 a6 5.Nc3 b5 6.Bd3 Qb6 7.Nf3 Nc6 8.O-O Nge7
9.Be3 Qb8 10.a4 b4 11.Nb1 g6 12.Qc1 h6 13.Nbd2 Bg7 14.Nc4 d5 15.exd5 Nxd5
16.Be4 Nce7 17.Bc5 Qc7 18.Bxe7 Kxe7 19.Bxd5 exd5 20.Qe1+ Kf8 21.Qxb4+ Kg8
22.Nb6 Rb8 23.a5 Kh7 24.c3 Bb7 25.Rfe1 Rhe8 26.Qh4 Rbd8 27.Rad1 Qc5 28.Nd7 Qd6
29.Nde5 Kg8 30.Qg3 Qc7 31.b4 Qxc3 32.Qf4 Re7 33.Rc1 Qb2 34.Nd3 Rxe1+ 35.Nfxe1 Qf6
36.Qxf6 Bxf6 37.Rc7 Bc8 38.Rc6 Kg7 39.Nc5 Bd4 40.Ned3 Bf5 41.Kf1 Rc8 42.Rxc8 Bxc8
43.b5 axb5 44.a6 Bf5 45.Ke2 Bxd3+ 46.Nxd3 Kf6 47.Nb4 Kf5 48.f3 h5 49.Nc6  1-0

[Event "X Anibal Open"]
[Site "Linares ESP"]
[Date "2003.03.04"]
[Round "5"]
[White "Blehm,P"]
[Black "Ahmed,Es"]
[Result "1-0"]
[WhiteElo "2526"]
[BlackElo "2395"]

1.e4 c5 2.Nf3 e6 3.d4 cxd4 4.Nxd4 a6 5.Nc3 Qc7 6.Bd3 Nf6 7.f4 d6 8.Qf3 Bd7
9.g4 Nc6 10.Nb3 h6 11.Be3 Rc8 12.O-O-O b5 13.h4 h5 14.g5 Ng4 15.g6 f6 16.Kb1 Na5
17.Rhe1 Nc4 18.Bxc4 Qxc4 19.Bb6 Be7 20.Na5 Qb4 21.Rd3 Rxc3 22.Rxc3 O-O 23.Rd1 d5
24.exd5 e5 25.d6 Bd8 26.Qd5+ Kh8 27.Bxd8 Rxd8 28.Nc6 Bxc6 29.Qxc6 Nf2 30.Qc8  1-0

[Event "Edda Rapid"]
[Site "Reykjavic ISL"]
[Date "2003.03.04"]
[Round "5"]
[White "Arnarsson,H"]
[Black "Asmundsson,I"]
[Result "0-1"]
[WhiteElo "2067"]
[BlackElo "2343"]

1.e4 c5 2.Nf3 e6 3.d4 cxd4 4.Nxd4 a6 5.Nc3 b5 6.a3 Bb7 7.Be2 Nc6 8.O-O Qc7
9.Nxc6 Bxc6 10.Qd3 Nf6 11.Bg5 Be7 12.h3 O-O 13.Rad1 Rfc8 14.Qd4 d6 15.Qe3 Qb7
16.Bd3 b4 17.axb4 Qxb4 18.e5 dxe5 19.Qxe5 Qxb2 20.Rb1 Qa3 21.Rb3 Qa4 22.Qe3  0-1

[Event "Jch-RUS g20"]
[Site "Essentuki RUS"]
[Date "2003.03.05"]
[Round "4"]
[White "Tomilova,E"]
[Black "Kucherova,L"]
[Result "0-1"]
[WhiteElo "2210"]
[BlackElo "2231"]

1.e4 c5 2.Nf3 e6 3.Nc3 a6 4.d4 cxd4 5.Nxd4 Qc7 6.Bd3 b5 7.O-O Bb7 8.Re1 Nc6
9.Nxc6 dxc6 10.e5 c5 11.Bf4 Ne7 12.Bxb5+ Nc6 13.Bd3 Be7 14.Be4 Rd8 15.Qg4 g5
16.Bxc6+ Qxc6 17.Be3 c4 18.f3 h5 19.Qh3 g4 20.fxg4 Rg8 21.g5 Bxg5 22.Bxg5 Rxg5
23.Re2 Rd4 24.Rd1 Rdg4 25.Rdd2 Qc5+ 26.Kh1 Rf4 27.Rd1 Rgf5 28.Ree1 Qf2 29.Rg1 Rh4  0-1

[Event "11th Fajr Open"]
[Site "Tehran IRI"]
[Date "2003.03.05"]
[Round "9"]
[White "Mallahi,A"]
[Black "Ghorbani,M"]
[Result "0-1"]
[WhiteElo "2395"]
[BlackElo "2316"]

1.e4 c5 2.Nf3 e6 3.d4 cxd4 4.Nxd4 a6 5.Nc3 Qc7 6.Be3 Nf6 7.Bd3 Nc6 8.O-O Ne5
9.h3 d6 10.f4 Ng6 11.a4 Be7 12.a5 O-O 13.Nf3 Bd7 14.Kh1 Bc6 15.f5 exf5 16.exf5 Ne5
17.Nxe5 dxe5 18.Qe1 e4 19.Be2 Rfe8 20.g4 h6 21.h4 Nh7 22.Qf2 Bf6 23.Kg2 Rad8
24.Kh3 Qe7 25.Rg1 g5 26.fxg6 fxg6 27.Rad1 Kg7 28.Rxd8 Rxd8 29.Rd1 Rxd1 30.Nxd1 Qd7
31.c3 h5 32.Qf4 g5 33.Qf5 Qxf5 34.gxf5 g4+ 35.Kg3 Bd7 36.Kf4 Bxh4 37.Kxe4 Nf6+
38.Kf4 Bc6 39.b4 Nd5+ 40.Ke5 Bf6+ 41.Ke6 Nxe3 42.Nxe3 Bxc3 43.Nd5 Bxd5+ 44.Kxd5 Bxb4
45.Ke6 Bxa5 46.f6+ Kg6  0-1

[Event "Jch-RUS g20"]
[Site "Essentuki RUS"]
[Date "2003.03.08"]
[Round "6"]
[White "Meshcheriakova,E"]
[Black "Kucherova,L"]
[Result "1-0"]
[WhiteElo "2320"]
[BlackElo "2231"]

1.e4 c5 2.Nf3 e6 3.Nc3 a6 4.d4 cxd4 5.Nxd4 b5 6.Bd3 Qb6 7.Nf3 Bc5 8.O-O Bb7
9.a4 b4 10.a5 Qc7 11.Na4 Qxa5 12.Nxc5 Qxc5 13.Be3 Qc7 14.Qd2 Nf6 15.Qxb4 Nc6
16.Qb6 Qxb6 17.Bxb6 Nb4 18.Bc5 Nxd3 19.cxd3 Rc8 20.b4 Nh5 21.Nd2 d6 22.Bxd6 Rc2
23.Nb3 Kd7 24.Nc5+ Kxd6 25.Nxb7+ Kc6 26.Nc5 Kb5 27.Nxa6 Nf4 28.Ra5+ Kb6 29.Nc5 Ne2+
30.Kh1 Rd8 31.Rfa1 Rc1+ 32.Rxc1 Nxc1 33.Ra6+ Kb5 34.Ra7 Kxb4 35.Rxf7 Kxc5
36.Rc7+ Kd4 37.Rxc1 Rf8 38.f3 Rf7 39.Rc6 Re7 40.Rd6+ Ke3 41.d4 g5 42.h3 Kf2
43.d5 exd5 44.Rxd5 h6 45.Kh2 Re6 46.Rb5 Rg6 47.Rb2+ Ke3 48.Kg3 h5 49.Rb3+ Kd4
50.Ra3 Rc6 51.h4 Rg6 52.hxg5 Rxg5+ 53.Kh3 Kc4 54.Ra2 Kd3 55.Kh4  1-0

[Event "Victor Ciocaltea Mem"]
[Site "Bucharest ROM"]
[Date "2003.03.09"]
[Round "6"]
[White "Firman,N"]
[Black "Lemmers,O"]
[Result "1-0"]
[WhiteElo "2496"]
[BlackElo "2444"]

1.e4 c5 2.Nf3 e6 3.d4 cxd4 4.Nxd4 a6 5.Nc3 Qc7 6.Bd3 Nf6 7.Qe2 d6 8.f4 g6
9.f5 Nc6 10.Nxc6 bxc6 11.O-O gxf5 12.exf5 e5 13.Bg5 Bg7 14.Rae1 Bb7 15.Bxf6 Bxf6
16.Ne4 Be7 17.f6 Bf8 18.Qh5 h6 19.Ng5 Rg8 20.Ne6 Qb6+ 21.Kh1 c5 22.Be4 Bxe4
23.Rxe4 Qc6 24.Rfe1 Ra7 25.c4 Rg6 26.Nf4 Rxf6 27.Nd5 Rg6 28.Rg4 Qb7 29.Rf1 Re6
30.Rg8 Qxb2 31.Qg4 e4 32.Qxe6+ fxe6 33.Rgxf8+ Kd7 34.R1f7+  1-0

[Event "Jch-RUS b20"]
[Site "Essentuki RUS"]
[Date "2003.03.10"]
[Round "8"]
[White "Savchenko,B"]
[Black "Gazarian,A"]
[Result "1-0"]
[WhiteElo "2431"]
[BlackElo "2532"]

1.e4 c5 2.Nf3 e6 3.Nc3 a6 4.d4 cxd4 5.Nxd4 Qc7 6.Be3 Bb4 7.Ne2 Nf6 8.a3 Be7
9.Na4 Nc6 10.Nb6 Rb8 11.Nc3 O-O 12.f4 d6 13.Bd3 Nd7 14.Nca4 Nc5 15.Bxc5 dxc5
16.e5 Rd8 17.Qf3 Bd7 18.Nxd7 Rxd7 19.O-O c4 20.Be4 Nd4 21.Qh3 g6 22.Kh1 h5
23.Rae1 Kg7 24.Qg3 Qd8 25.Qe3 b5 26.Nc3 b4 27.axb4 Rxb4 28.Nd1 Rb8 29.Qf2 Nf5
30.Bxf5 exf5 31.Ne3 Rxb2 32.Nxc4 Rb4 33.e6 fxe6 34.Ne5 Rd6 35.Qg3 Qe8 36.Qc3 Rbd4
37.Nf3 Bf6 38.Nxd4 Bxd4 39.Qc7+  1-0

[Event "Jch-RUS b20"]
[Site "Essentuki RUS"]
[Date "2003.03.10"]
[Round "8"]
[White "Panchenko,D"]
[Black "Kornilov,I"]
[Result "1-0"]
[WhiteElo "2351"]
[BlackElo "2371"]

1.e4 c5 2.Nf3 e6 3.d4 cxd4 4.Nxd4 a6 5.Nc3 b5 6.Bd3 Qb6 7.Nb3 Qc7 8.Be3 Bb7
9.O-O Nf6 10.f4 b4 11.Na4 Nxe4 12.Nb6 Nc5 13.Nxa8 Bxa8 14.Nxc5 Bxc5 15.Bxc5 Qxc5+
16.Kh1 f5 17.Qh5+ g6 18.Qe2 O-O 19.a3 Nc6 20.axb4 Nxb4 21.c3 Nxd3 22.Qxd3 Bd5
23.Qg3 Qc4 24.Rf2 Rb8 25.Qe3 Rb7 26.Qe2 Qxe2 27.Rxe2 Bc4 28.Rd2 Kf7 29.Kg1 Kf6
30.Kf2 d5 31.g3 g5 32.Ke3 e5 33.fxe5+ Kxe5 34.Re1 Rb8 35.Kf3+ Kf6 36.Ra1 Re8
37.Ra5 Re1 38.Rc5 g4+ 39.Kf2 Rf1+ 40.Kg2 Rb1 41.Rc8 Kg6 42.Kf2 a5 43.Ra8 Ra1
44.Ke3 a4 45.Kd4 Bb3 46.Rf2 Rd1+ 47.Kc5 Rd3 48.Rg8+ Kh6 49.Rxf5 d4 50.Rf6+ Kh5
51.Re8 Kg5 52.Rd6 Re3 53.Rxe3 dxe3 54.Rd3  1-0

[Event "FSGM March"]
[Site "Budapest HUN"]
[Date "2003.03.11"]
[Round "11"]
[White "Andreikin,D"]
[Black "Kustar,S"]
[Result "1-0"]
[WhiteElo "2342"]
[BlackElo "2384"]

1.e4 c5 2.Nf3 e6 3.d4 cxd4 4.Nxd4 a6 5.Nc3 b5 6.Bd3 Qb6 7.Nb3 Qc7 8.a4 b4
9.Ne2 Nf6 10.Bf4 d6 11.c3 Nc6 12.Qd2 Qb8 13.O-O Bd7 14.Nc5 Qb6 15.Nxd7 Nxd7
16.Be3 Qb7 17.Nd4 bxc3 18.Qxc3 Nce5 19.Be2 Nc5 20.f3 Be7 21.b4 Ncd7 22.f4 Rc8
23.Qb3 Nc6 24.Nxc6 Rxc6 25.f5 exf5 26.Bc4 Bf6 27.Bxf7+ Kd8 28.Bd5 Bxa1 29.Rxa1 fxe4
30.b5 Rc3 31.Bg5+ Ke8 32.Qxc3  1-0

[Event "Victor Ciocaltea Mem"]
[Site "Bucharest ROM"]
[Date "2003.03.12"]
[Round "9"]
[White "Iordachescu,V"]
[Black "Ionescu,Co"]
[Result "1/2-1/2"]
[WhiteElo "2550"]
[BlackElo "2473"]

1.e4 c5 2.Nf3 e6 3.Nc3 a6 4.d4 cxd4 5.Nxd4 Qc7 6.Bd3 Nf6 7.f4 d6 8.Qf3 g6
9.g4 Bg7 10.g5 Nfd7 11.Nde2 b5 12.h4 Bb7 13.h5 Nc6 14.a4 b4 15.Nd1 Nc5 16.Be3  1/2-1/2

[Event "Victor Ciocaltea Mem"]
[Site "Bucharest ROM"]
[Date "2003.03.12"]
[Round "9"]
[White "Furtuna,A"]
[Black "Lemmers,O"]
[Result "0-1"]
[WhiteElo "2415"]
[BlackElo "2444"]

1.e4 c5 2.Nf3 e6 3.d4 cxd4 4.Nxd4 a6 5.Nc3 Qc7 6.Bd3 Bc5 7.Be3 Nf6 8.O-O d6
9.Qe2 O-O 10.f4 b5 11.Nd1 Bb7 12.Nf2 Qb6 13.c3 Nc6 14.Rad1 e5 15.fxe5 dxe5
16.Nf5 Bxe3 17.Nxe3 Ne7 18.c4 bxc4 19.Nxc4 Qc5 20.b4 Qc7 21.Rc1 Nc6 22.Qe3 Qe7
23.a3 Rad8 24.Nd1 Rd4 25.Nc3 Rfd8 26.Be2 Qe6 27.b5 axb5 28.Nxb5 Nxe4 29.Nxd4 exd4
30.Qf4 d3 31.Bg4 Qe7 32.Ne3 g6 33.Bf3 f5 34.Kh1 Ne5 35.Nc4 d2 36.Rc2 Nxf3
37.Nxd2 Rxd2 38.Rxd2 Nfxd2 39.Rc1 Qd6 40.Qxd6 Nxd6 41.Rc7 N2c4 42.a4 Ne3
43.a5 Bxg2+ 44.Kg1 Be4 45.Kf2 Nec4 46.a6 Nb6 47.Re7 g5 48.Re6 Nbc8 49.a7 Kf7
50.Rh6 Kg7 51.Re6 f4 52.Ke1 Bh1 53.Re5 Kf6 54.Ra5 Nb6 55.Kf2 Na8 56.Kg1 Be4  0-1

[Event "Jch-RUS b20"]
[Site "Essentuki RUS"]
[Date "2003.03.13"]
[Round "11"]
[White "Doukhine,I"]
[Black "Gazarian,A"]
[Result "1/2-1/2"]
[WhiteElo "2357"]
[BlackElo "2532"]

1.e4 c5 2.Nf3 e6 3.d4 cxd4 4.Nxd4 a6 5.Nc3 Qc7 6.g3 b5 7.Bg2 Bb7 8.O-O Be7
9.a3 d6 10.Be3 Nf6 11.Qe2 Nbd7 12.f4 Nc5 13.Bf2 O-O 14.g4 Rfe8 15.g5 Nfd7
16.h4 Na4 17.Nxa4 bxa4 18.f5 exf5 19.Nxf5 Bf8 20.Bd4 Ne5 21.Qf2 Re6 22.Rae1 Rae8
23.Re3 Bc6 24.Qg3 Qb7 25.h5 Kh8 26.Qf4 a5  1/2-1/2

[Event "Tch-SWE 2002-3"]
[Site "Sweden SWE"]
[Date "2003.03.15"]
[Round "10"]
[White "Lukez,F"]
[Black "Astrom,G"]
[Result "0-1"]
[WhiteElo "2320"]
[BlackElo "2331"]

1.e4 c5 2.Nf3 e6 3.d4 cxd4 4.Nxd4 a6 5.Nc3 Qc7 6.g3 Nf6 7.Bg2 Nc6 8.O-O d6
9.a4 Be7 10.Be3 O-O 11.Qe2 Bd7 12.Nxc6 Bxc6 13.a5 Rac8 14.Bb6 Qb8 15.Rfd1 Rfe8
16.f4 Nd7 17.Bd4 Qc7 18.Qd2 Bf8 19.Bf2 Nf6 20.Bb6 Qb8 21.h3 Nd7 22.Bf2 Nc5
23.Rab1 Qc7 24.Rdc1 Nd7 25.b4 b5 26.axb6 Nxb6 27.Qd4 Bd7 28.Rb3 Nc4 29.Ra1 Bb5
30.Bf1 Qc6 31.Nxb5 axb5 32.Rbb1 g6 33.c3 e5 34.fxe5 dxe5 35.Qd5 Qxd5 36.exd5 e4
37.Bd4 Bg7 38.Bxg7 Kxg7 39.Rd1 Nd6 40.Ra6 Red8 41.Rc6 f5 42.h4 Kf7 43.Rc5 Kf6
44.Ra1 Rxc5 45.bxc5 Nb7 46.c6 Nd6 47.Ra7 Ke5 48.Rxh7 Kxd5 49.c7 Rc8 50.Rg7 Ke5
51.Rxg6 Rxc7 52.h5 Rxc3 53.h6 Rc8 54.g4 b4 55.gxf5 b3 56.Rg3 b2 57.Rb3 Nxf5
58.h7 Rh8 59.Rxb2 Rxh7 60.Bg2 e3  0-1

[Event "Victor Ciocaltea Mem"]
[Site "Bucharest ROM"]
[Date "2003.03.16"]
[Round "13"]
[White "Iordachescu,V"]
[Black "Lemmers,O"]
[Result "1-0"]
[WhiteElo "2550"]
[BlackElo "2444"]

1.e4 c5 2.Nf3 e6 3.Nc3 a6 4.d4 cxd4 5.Nxd4 Qc7 6.Bd3 Nf6 7.f4 b5 8.e5 b4
9.Nce2 Nd5 10.Be4 Bb7 11.Qd3 d6 12.exd6 Qxd6 13.f5 Nd7 14.fxe6 fxe6 15.Bg5 N7f6
16.O-O-O Be7 17.Bxf6 Bxf6 18.Qh3 Nf4 19.Nxf4 Qxf4+ 20.Kb1 Qxe4 21.Rhe1 Qxg2
22.Qxe6+ Kf8 23.Qd6+ Kg8 24.Qe6+ Kf8 25.Nf5 Qg6 26.Rg1 Qe8 27.Qd6+ Be7 28.Nxe7 Qxe7
29.Rgf1+ Ke8 30.Rfe1 Be4 31.Rxe4 Qxe4 32.Qd7+  1-0

[Event "19th Open"]
[Site "Bad Woerishofen GER"]
[Date "2003.03.18"]
[Round "6"]
[White "Medancic,R"]
[Black "Handke,F"]
[Result "0-1"]
[WhiteElo "2268"]
[BlackElo "2516"]

1.e4 c5 2.Nf3 e6 3.d4 cxd4 4.Nxd4 a6 5.Nc3 Qc7 6.Bd3 Bc5 7.Nb3 Be7 8.O-O b5
9.a4 b4 10.Ne2 Bb7 11.Bf4 e5 12.Bd2 Nc6 13.Ng3 g6 14.a5 h5 15.h3 h4 16.Ne2 Nf6
17.Bg5 d6 18.Qd2 Rd8 19.Qe3 Nd7 20.Bxe7 Nxe7 21.c3 f5 22.cxb4 d5 23.exf5 gxf5
24.Rfe1 Qd6 25.f4 d4 26.fxe5 Qd5 27.Qf2 Qxb3 28.Nf4 Nf8 29.b5 Rg8 30.Ra3 Qb4
31.bxa6 Ba8 32.Bf1 Be4 33.Rc1 Neg6 34.Nh5 Nh7 35.Rc7 Rd7 36.Rc4 Qe7 37.Rxd4 Rxd4
38.Qxd4 Nxe5 39.Kh1 Nc6 40.Qc4 Qg5 41.Qe6+ Ne7 42.Rb3 Bxg2+ 43.Kh2 Bb7 44.Qxg8+ Qxg8
45.Bb5+ Bc6 46.Bxc6+ Nxc6 47.Rb8+ Nxb8 48.a7 Qb3 49.a8=Q Ng5 50.Qd5 Qxh3+
51.Kg1 Qg4+ 52.Kh1 Qxh5 53.Qe5+ Kd7 54.Qxf5+ Kd8 55.Qf6+ Kc8 56.Qf8+ Kb7
57.Qb4+ Ka8 58.Qb5 Qf3+ 59.Kh2 Qg3+ 60.Kh1 Qf3+ 61.Kh2 Ne6 62.Qe5 Nf4 63.Qg5 Qh3+
64.Kg1 Qg3+ 65.Qxg3 hxg3 66.Kh1  0-1

[Event "Spring Open"]
[Site "Belgrade YUG"]
[Date "2003.03.28"]
[Round "4"]
[White "Martic,N"]
[Black "Vujosevic,D"]
[Result "1-0"]
[WhiteElo "2142"]
[BlackElo "2142"]

1.e4 c5 2.Nf3 e6 3.d4 cxd4 4.Nxd4 a6 5.Nc3 b5 6.a3 Bb7 7.Be3 Qc7 8.Bd3 Nf6
9.O-O b4 10.axb4 Bxb4 11.f3 Bxc3 12.bxc3 Qxc3 13.Ne2 Qc7 14.Rb1 e5 15.Qe1 Nc6
16.Ng3 h5 17.Bb6 Qb8 18.Bc5 g6 19.Qe3 h4 20.Ne2 Qc7 21.Qg5 Ng8 22.Rfd1 Rh5
23.Qe3 Nge7 24.Bb6 Qc8 25.Nc3 d6 26.Be2 Qb8 27.Qd3 Nc8 28.Be3 f6 29.Nd5 Kf7
30.Qb3 Nd8 31.Nb6+ Kg7 32.Nxa8 Qxa8 33.Bc4 Rh7 34.Bd5 Kf8 35.Bxb7 Rxb7 36.Qd5 Rb8
37.Qa5 Nc6 38.Qc7 Rb5 39.Rxb5 axb5 40.Qh7 N6e7 41.Qxh4 Qc6 42.Qxf6+  1-0

[Event "Friendship Cup AZE-IRI"]
[Site "Baku AZE"]
[Date "2003.04.04"]
[Round "7"]
[White "Babaev,Ra"]
[Black "Niknaddaf,A"]
[Result "1-0"]
[WhiteElo "2406"]
[BlackElo "2278"]

1.e4 c5 2.Nf3 e6 3.d4 cxd4 4.Nxd4 a6 5.Nc3 Qc7 6.Be2 Nf6 7.O-O Be7 8.f4 d6
9.Kh1 Nc6 10.Be3 Bd7 11.Qe1 b5 12.a3 O-O 13.Qg3 Kh8 14.Rae1 Rae8 15.Nxc6 Bxc6
16.Bd4 Bd8 17.e5 dxe5 18.Bxe5 Qb7 19.Bd3 Rg8 20.Re2 h6 21.Qh3 b4 22.axb4 Qxb4
23.Ne4 Qf8 24.Bxa6 Nh7 25.Bd3 f6 26.Bd4 g5 27.fxg5 Nxg5 28.Nxg5 Rxg5 29.Be4 Bb5
30.Bd3 Bc6 31.Be3 Qg7 32.Bxg5 Qxg5 33.Qg3 Qxg3 34.hxg3 e5 35.Rfe1 Rg8 36.Be4 Bb5
37.Rd2 Bc7 38.Ra1 Rg4 39.Ra8+ Kg7 40.Bf3 Ra4 41.Rxa4 Bxa4 42.Be4 h5 43.c3 Kh6
44.Rf2 Bd8 45.b4 Be7 46.Ra2 Bb5 47.Ra7 Bd8 48.Rh7+  1-0

[Event "National I"]
[Site "Besancon FRA"]
[Date "2003.04.06"]
[Round "6"]
[White "Kazhgaleyev,M"]
[Black "Bricard,E"]
[Result "1-0"]
[WhiteElo "2600"]
[BlackElo "2458"]

1.e4 c5 2.Nf3 e6 3.d4 cxd4 4.Nxd4 a6 5.Nc3 Nc6 6.Be3 Nge7 7.Nb3 b5 8.Bd3 Ng6
9.O-O Be7 10.f4 O-O 11.Qh5 f6 12.a4 bxa4 13.Nxa4 Nb4 14.Rad1 Qc7 15.Rf3 Rf7
16.Qa5 Qxa5 17.Nxa5 Nxd3 18.Rxd3 Bb4 19.Nc4 Bb7 20.Bd2 Bf8 21.Nc3 f5 22.exf5 Rxf5
23.Rf2 d5 24.Na5 Rb8 25.Nxb7 Rxb7 26.Na4 Rbf7 27.g3 Ne5 28.Rb3 g5 29.Re2 Nf3+
30.Rxf3  1-0

[Event "National I"]
[Site "Bordeaux FRA"]
[Date "2003.04.07"]
[Round "7"]
[White "Tirard,H"]
[Black "Conquest,S"]
[Result "0-1"]
[WhiteElo "2393"]
[BlackElo "2556"]

1.e4 c5 2.Nf3 e6 3.d4 cxd4 4.Nxd4 a6 5.Nc3 b5 6.Bd3 d6 7.O-O Nf6 8.Qe2 Be7
9.f4 b4 10.Nd1 O-O 11.Nf2 e5 12.Nf5 Bxf5 13.exf5 Nc6 14.Be3 Qc8 15.Rad1 Re8
16.fxe5 Nxe5 17.Bf4 Bd8 18.Qd2 Bb6 19.Kh1 Rb8 20.Ne4 Nxe4 21.Bxe4 Nc4 22.Qd5 Be3
23.f6 Qe6 24.Qg5 Qxf6 25.Bxh7+ Kxh7 26.Qh5+ Kg8 27.Bxe3 Re5 28.Rxf6 Rxh5
29.Rf3 Nxe3 30.Rxe3 Ra5 31.a3 bxa3 32.bxa3 Rb2 33.h4 Ra4 34.Rxd6 Rxc2 35.Rh3 Rg4
36.Rxa6 Rgxg2 37.Re3 Rh2+ 38.Kg1 Rcg2+ 39.Kf1 Ra2 40.Kg1 Rhg2+ 41.Kh1 Rh2+
42.Kg1 Rxh4 43.Rf3 Rg4+ 44.Kh1 f6 45.Ra7 Re4 46.Rf1 Kh7 47.Kg1 Rg4+ 48.Kh1 Kh6
49.Rf3 Kg6 50.Rd3 Rh4+ 51.Kg1 Rc4 52.Rd1 Kh6 53.Kh1 f5 54.Ra6+ g6 55.Rf1 Kh5
56.Ra8 Kg5 57.Rg1+ Rg4 58.Rf1 Rb2 59.a4 Rb7 60.Rf2 Rh7+ 61.Rh2 Rxh2+ 62.Kxh2 Rb4
63.a5 Ra4 64.a6 Kg4 65.a7 g5 66.Kg1 Ra2  0-1

[Event "Asian Teams w"]
[Site "Jodhpur IND"]
[Date "2003.04.07"]
[Round "1"]
[White "Wang Yu"]
[Black "Samaganova,A"]
[Result "1-0"]
[WhiteElo "2359"]
[BlackElo "2109"]

1.e4 c5 2.Nf3 e6 3.d4 cxd4 4.Nxd4 a6 5.Nc3 b5 6.Bd3 Qb6 7.Nf3 Bb7 8.e5 d5
9.O-O Nd7 10.a4 b4 11.Ne2 Qc7 12.Bf4 Ne7 13.Ned4 Nc5 14.Re1 Nc6 15.Bf1 Ne4
16.Nxc6 Bxc6 17.Nd4 Bc5 18.Be3 Be7 19.Qg4 g6 20.Bh6 Qb6 21.Be3 Qc7 22.f3 Nc5
23.a5 Bd7 24.Bh6 Nb7 25.Bg7 Rg8 26.Bf6 Bc5 27.Kh1 Bxd4 28.Qxd4 Qc5 29.Qd2 Qf8
30.c3 Nc5 31.Qe3 b3 32.c4 Bc6 33.cxd5 Bxd5 34.Rac1 Nd7 35.Bxa6 Qb4 36.Bg5 Qxa5
37.Bd3 Qb4 38.Rc7 Qb8 39.Rec1 h6 40.Bxh6 Rh8 41.Bg5 Nb6 42.Bb1  1-0

[Event "OSS IM"]
[Site "Oslo NOR"]
[Date "2003.04.07"]
[Round "8"]
[White "Asauskas,H"]
[Black "Trygstad,K"]
[Result "1/2-1/2"]
[WhiteElo "2338"]
[BlackElo "2320"]

1.e4 c5 2.Nf3 e6 3.d4 cxd4 4.Nxd4 a6 5.Nc3 Qc7 6.g3 Nc6 7.Bg2 Nf6 8.O-O Bc5
9.Nce2 d6 10.c4 Ne5 11.b3 h5 12.h3 Bd7 13.f4 h4 14.g4 Nexg4 15.hxg4 e5 16.g5 Ng4
17.Kh1 exd4 18.Nxd4 Qb6 19.Bb2 h3 20.Bf3 Ne3 21.Qd3 Nxf1 22.Rxf1 a5 23.Nf5 Bxf5
24.exf5 Kf8 25.Qc3 Rg8 26.Bd5 Be3 27.f6 g6 28.Qd3 Re8 29.Re1 h2 30.Re2 Bxf4
31.Bd4 Rxe2 32.Qxe2 Qd8 33.Qg4 Be5 34.Bb6 Qe8 35.Qh3 Bxf6 36.gxf6 Qe1+ 37.Kxh2 Qe5+
38.Kg2 Qxf6 39.Qf3 Qg5+ 40.Qg3 Qxg3+ 41.Kxg3 Ke7 42.a4 Ra8 43.Kf4 f6 44.c5 dxc5
45.Bxc5+ Kd7 46.Bxb7 Rh8 47.Ba6 Kc6 48.Bf2 Rh5 49.Bd3 Rh2 50.Kg3 Rh5 51.Be3 f5
52.Be2 Rh8 53.Bb5+ Kc7 54.Bd2 Kb6 55.Bc4 Rc8 56.Be3+ Kb7 57.Kf3 Kc6 58.Kf4 Rh8
59.Kg5 Rh3 60.Bd2 Rg3+ 61.Kf6 Rg4 62.Be6 Kb6 63.Bg5 Kc5 64.Kxg6 Kb4 65.Kxf5 Rg3
66.Be7+ Kc3 67.Bd6 Rg1 68.Bc7 Rf1+ 69.Bf4 Rb1 70.Be5+ Kb4 71.Bd6+ Kc3 72.Bc7 Kb4
73.Bd6+ Kc3 74.Bg3 Kb4 75.Bd6+  1/2-1/2

[Event "FSIMB April"]
[Site "Budapest HUN"]
[Date "2003.04.11"]
[Round "7"]
[White "Horvath,An"]
[Black "Gara,A"]
[Result "0-1"]
[WhiteElo "2278"]
[BlackElo "2327"]

1.e4 c5 2.Nf3 e6 3.d4 cxd4 4.Nxd4 a6 5.Nc3 Qc7 6.Be2 Nf6 7.O-O Nc6 8.a3 Nxd4
9.Qxd4 Bc5 10.Qd3 b5 11.Kh1 Bb7 12.f4 h5 13.e5 Ng4 14.Bf3 Bxf3 15.Rxf3 Rd8
16.Qe2 d6 17.exd6 Qxd6 18.Rf1 Qd4 19.h3 Nf2+ 20.Kh2 g5 21.Qe5 Qxe5 22.fxe5 Rg8
23.g3 Bd4 24.Bd2 h4 25.Rae1 Bxe5 26.Rxe5 Rxd2 27.Ne2 Nd1 28.Kg1 Nxb2  0-1

[Event "TCh-CZE 2002-3"]
[Site "Czech Rep CZE"]
[Date "2003.04.12"]
[Round "10"]
[White "Vyskocil,N"]
[Black "Vavra,P1"]
[Result "1/2-1/2"]
[WhiteElo "2387"]
[BlackElo "2380"]

1.e4 c5 2.Nf3 e6 3.Nc3 a6 4.d4 cxd4 5.Nxd4 b5 6.Bd3 Qb6 7.Be3 Bc5 8.Qg4 Bxd4
9.e5 Nc6 10.Qxg7 Bxe5 11.Qxe5 Nxe5 12.Bxb6 Bb7 13.Ne4 Bxe4 14.Bxe4 d5 15.Bd3 Ne7
16.a4 Rb8 17.Bc7 Nxd3+ 18.cxd3 Rc8 19.Be5 Rg8 20.axb5 axb5 21.O-O Nc6 22.Bg3 Rg4
23.Rfc1 Rd4 24.Ra6 Rxd3 25.h4 Ne7 26.Rxc8+ Nxc8 27.Ra8 Kd7 28.Rb8 Nd6 29.Bxd6 Rd1+
30.Kh2 Kxd6 31.Rxb5 d4 32.Kg3 d3 33.Kf3 f5 34.Ke3 e5 35.g3 Kc6 36.Rb8 e4
37.Rd8 Rf1 38.b4 Kb5 39.Rd5+ Kc4 40.Rc5+ Kxb4 41.Rxf5 Re1+ 42.Kd2 Re2+ 43.Kd1 h5
44.Rf8 Ra2 45.Rb8+ Kc5 46.Rc8+ Kd6 47.Rd8+ Kc6 48.Rc8+ Kd7 49.Rc4 Re2 50.f3 Ke6
51.fxe4 Ke5 52.Ra4 Rg2 53.Rb4 Rxg3 54.Kd2 Rh3 55.Rb5+ Kd4 56.Rd5+ Kc4 57.Rxh5 Rh2+
58.Ke3 d2 59.Rd5 Kc3 60.e5 Kc2 61.e6 d1=Q 62.Rxd1 Kxd1 63.Kf4 Rxh4+  1/2-1/2

[Event "IM"]
[Site "Deizisau GER"]
[Date "2003.04.12"]
[Round "1"]
[White "Papa,S"]
[Black "Braun,A"]
[Result "1-0"]
[WhiteElo "2366"]
[BlackElo "2324"]

1.e4 c5 2.Nf3 e6 3.d4 cxd4 4.Nxd4 a6 5.Nc3 Qc7 6.Bd3 b5 7.O-O Bb7 8.Qe2 Bd6
9.Kh1 Be5 10.Be3 Nc6 11.Nxc6 Qxc6 12.a4 b4 13.Nd1 Nf6 14.f4 Bc7 15.e5 Ne4
16.c3 bxc3 17.Nxc3 Nxc3 18.bxc3 O-O 19.Bd4 Ba5 20.f5 exf5 21.Bxf5 Bxc3 22.Bxc3 Qxc3
23.Rac1 Qd4 24.Rc4 Qa7 25.Bxh7+ Kxh7 26.Qh5+ Kg8 27.Rh4 f6 28.Qh7+ Kf7 29.Rxf6+ Ke8
30.Qg6+  1-0

[Event "IV IM"]
[Site "Monaco MNC"]
[Date "2003.04.14"]
[Round "9"]
[White "Basso,F"]
[Black "Sulava,N"]
[Result "0-1"]
[WhiteElo "2217"]
[BlackElo "2516"]

1.e4 c5 2.Nf3 e6 3.d4 cxd4 4.Nxd4 a6 5.Nc3 b5 6.Bd3 Bc5 7.Nb3 Be7 8.O-O d6
9.f4 Bb7 10.a3 Nd7 11.Qe2 Ngf6 12.Be3 Rc8 13.Rae1 O-O 14.Bc1 e5 15.Nd2 exf4
16.Nb3 Re8 17.Bxf4 Bf8 18.Qf2 Ng4 19.Qg3 Nge5 20.Nd5 Bxd5 21.exd5 g6 22.c3 Bg7
23.Bb1 Qb6+ 24.Kh1 Qb7 25.Rd1 Nc4 26.Bc1 Re5 27.Nd4 Nf6 28.Bf4 Nh5 29.Qf3 Nxf4
30.Nc6  0-1